000 01669nam a2200325 i 4500
001 768714001
003 CO-MdFUSB
005 20230420111013.0
007 ta
008 000407t20001995miu b 001 | eng
020 _a0801022401
040 _aDLC
_cCO-MdFUSB
_dCO-MdFUSB
_bspa
_erda
041 _aeng
082 _223
_a296.0901
_bSCO427j
100 1 _aScott, J. Julius.
_eautor
240 1 0 _aCustoms and controversies
245 1 0 _aJewish backgrounds of the New Testament
_c/ J. Julius Scott, Jr.
264 1 _aGrand Rapids, Mich. :
_bBaker Books,
_c[1995]
264 4 _c© 1995
300 _a416 páginas :
_c23 cm.
336 _2rdacontent
_atexto
_btxt
337 _2rdamedia
_asin mediación
_bn
338 _2rdacarrier
_avolumen
_bnc
505 _aFuentes de información -- La geografía de la tierra de Israel -- Un estudio del Antiguo Testamento -- Ideas e instituciones del Antiguo Testamento -- Un estudio de la historia del judaísmo intertestamentario y del Nuevo Testamento -- Crisis de los siglos VI y IV -- La respuesta general del judaísmo intertestamentario a las crisis -- Intentos intertestamentarios de reconstruir las instituciones tradicionales (del Antiguo Testamento) -- Escribas y tradición -- Apocalíptico --Divisiones, sectas y partidos -- Vida común en el Israel del primer siglo -- Pensamiento religioso del judaísmo intertestamentario -- la edad final -- el reino de dios -- La esperanza mesiánica -- Pacto y ley en la era final -- Actitudes judías intertestamentarias hacia los gentiles
563 _aRustico
650 7 _aJudaísmo
_96881
942 _cBK
945 _aMag 1104
999 _c68753
_d68753